000 00554nam a2200193Ia 4500
005 20260114185826.0
008 008 260114s9999 xx 000 0 eng d
020 _a9781474293945
037 _aEBOOK
040 _aCRL
_beng
_cCRL
041 _aeng
_2eng
084 _qCRL
100 _aSara Kristoffersson
_9874860
245 0 _aDesign by IKEA A Cultural History
260 _bBloomsbury
_c2014
856 _uhttps://doi.org/10.5040/9781474293945?locatt=label:secondary_bloomsburyCollections
942 _cEBOOK
999 _c1473794
_d1473794